000 00516nam a2200193 a 4500
001 1765966326875
003 ACL
005 20251217154517.0
008 251217s2002##################000#0#eng##
020 _a9781843100676
082 0 4 _a641.5638
_bLEB
100 1 _aBreton, Marilyn Le,
_eauthor.
245 1 0 _aThe AiA Gluten and Dairy Free Cook Book :
260 _bJessica Kingsley Publishers,
_c2002.
300 _a466 pages
650 0 _aFamily & Relationships.
942 _cENGLISH
040 _aACL
_beng
_cACL
999 _c603020
_d603020